[Event "Moscow B"]
[Site "Moscow"]
[Date "1994.??.??"]
[Round "7"]
[White "Arkhipov, Sergey"]
[Black "Pestov, Sergei M"]
[Result "1-0"]
[WhiteElo "2530"]
[BlackElo "2360"]
[Annotator "Ambroz,J"]
[PlyCount "68"]
[EventDate "1994.??.??"]
[EventType "tourn"]
[EventRounds "11"]
[EventCountry "RUS"]
[EventCategory "7"]
[SourceTitle "CBM 041"]
[Source "ChessBase"]
[SourceDate "1994.08.01"]
[SourceVersion "1"]
[SourceVersionDate "1994.08.01"]
[SourceQuality "1"]

1. e4 e6 2. d4 d5 3. Nd2 b6 4. Ngf3 Nf6 5. e5 Nfd7 6. c3 c5 7. h4 $5 (7. a3 {N}
Be7 8. b4 Qc7 9. Be2 Nc6 10. O-O Bb7 11. Re1 c4 12. a4 a6 13. Nf1 h6 14. Ng3
$14 {Tseitlin,Ma-Kortschnoj,V/Beersheba/1992/}) (7. Bb5 $5 a6 8. Ba4 b5 9. Bc2
cxd4 10. cxd4 Nc6 11. O-O Qb6 12. Nb1 $1 h6 13. Nc3 Be7 14. Be3 Bb7 15. Re1 Rc8
16. a4 $14 {Vasiukov,E-Bagirov,V/UdSSr (ch) 1973}) 7... a5 8. h5 h6 9. Bb5 Ba6
10. a4 {>< b5} Qc8 (10... Bxb5 $2 11. axb5 {>< Nb8}) 11. O-O Nc6 12. Re1 Na7
13. Bxa6 Qxa6 14. Nf1 Nc6 {[#]} 15. Ne3 $1 cxd4 $140 16. Nxd4 Ndxe5 (16...
Ncxe5 17. f4 (17. Nb5 $1 O-O-O 18. Qe2 Nc5 19. Rd1 (19. b4 axb4 20. cxb4 Ncd3
21. Bb2 $5 Kb8 22. Bc3 $13) (19. Bd2 Ned3 20. b4 axb4 21. cxb4 Nxe1 22. bxc5
bxc5 23. Bxe1 Rd7 24. Bc3 $5 $14 d4 $140 25. Nxd4 Qxe2 26. Nxe2) 19... Qb7 20.
b4 Nb3 21. Rb1 Nxc1 22. Rdxc1 Nc6 23. Nd4 $5 $40) 17... Nc4 18. Nxd5 O-O-O 19.
Ne3 Nxe3 20. Bxe3 Nf6 $13) 17. Nb5 O-O-O (17... Qb7 $5 18. f4 (18. Ng4 $1 $44
Nxg4 19. Qxg4 O-O-O 20. Bf4 Na7 $2 21. Rxe6 $1 fxe6 22. Qxe6+ Rd7 (22... Qd7
23. Qxb6) 23. Qe8+ Rd8 24. Nxa7+ Qxa7 25. Qc6+ Qc7 26. Qxc7#) 18... Nc4 19.
Nxc4 dxc4 20. Qd5 Rd8 21. Qxc4 Bc5+ $15) 18. Nc2 Nc4 19. b3 Nd6 20. Qd3 $1 Qb7
(20... Kb8 21. Bf4 Na7 22. Ncd4 Qb7 23. b4 $16 axb4 24. cxb4 Naxb5 25. axb5)
21. b4 Nc4 22. Rb1 Rd7 23. Nba3 $5 Nxa3 (23... N4e5 24. Qg3 Nc4 (24... f6 25.
f4) 25. Nxc4 dxc4 26. Ne3 $5 $44 axb4 27. Nxc4 b5 28. axb5 Qxb5 29. Qg4 b3 30.
Be3 Rb7 31. Qe4 $16 {/\ Rb3} Bc5 32. Rxb3 Qxb3 33. Bxc5) 24. Bxa3 Qc7 25. bxa5
bxa5 26. Qa6+ Kd8 27. Nd4 $1 Na7 28. Bxf8 Rxf8 {[#]} 29. Rxe6 $1 Re8 30. Rc6 (
30. Nc6+ $1 $18 Nxc6 31. Qa8+) 30... Qf4 31. Qxa5+ Ke7 32. Qc5+ Kd8 33. g3 $1
Qe5 34. Rc8+ Nxc8 1-0

[Event "Gothenburg Manhem-A"]
[Site "Gothenburg"]
[Date "2013.08.11"]
[Round "3"]
[White "Nithander, Victor"]
[Black "Berg, Emanuel"]
[Result "1/2-1/2"]
[WhiteElo "2437"]
[BlackElo "2539"]
[Annotator "Berg,E"]
[PlyCount "87"]
[EventDate "2013.08.10"]
[EventType "tourn"]
[EventRounds "9"]
[EventCountry "SWE"]
[EventCategory "10"]
[SourceTitle "CBM 156"]
[Source "ChessBase"]
[SourceDate "2013.09.17"]
[SourceVersion "1"]
[SourceVersionDate "2013.09.17"]
[SourceQuality "1"]

1. e4 e6 2. d4 d5 3. Nd2 Nf6 4. e5 Nfd7 5. f4 {Nithander is known for his
consistent style and therefore this move was far from a surprise. However I
have not faced this line for years so it seems to me that it has slightly gone
out of fashion.} c5 6. c3 Nc6 7. Ndf3 Qb6 8. a3 Be7 {I had not played this
move before so I hoped to be able to surprise my opponent slightly.} ({The
most popular response is} 8... a5 {preventing b4 which I have played a couple
of times.}) ({Other popular tries include} 8... cxd4 9. cxd4 Na5 {intending}
10. Ne2 Qb3) ({and finally} 8... c4 {which has been preferred by some strong
GMs. However this move is a bit too much of a commitment for Black in my
opinion. It abandons the chances of counterplay in the centre directed against
d4, thus giving White a free hand on the kingside.}) 9. b4 cxd4 10. cxd4 a6 $1
{With this move Black prepares the manoeuvre ...Qc7 followed by ...b5 and ...
Nb6-c4. This is somewhat time-consuming but also a very effective plan for
Black.} 11. h4 {A typical move for White in this variation grabbing further
space on the kingside and getting ready for an attack in case Black is brave
enough to castle short.} Qc7 12. h5 {Here Nithander was actually first to
surprise by side-stepping his earlier games where he had gone for either} (12.
Ne2 {or}) (12. Bd2 {As he told me during the postmortem he tried to avoid the
possible move ...h5 for Black which was played at a later point in his game
against Gleizerov. Indeed ...h5 is a way for Black to get a very solid
position avoiding most of White's counterplay on the kingside.}) 12... b5 {
Black simply plays according to the plan as the further push h6 for White is
not much to worry about. On the other hand playing ...h6 as Black would
seriously weaken the position on the kingside for Black.} 13. Ne2 $146 ({
The only game played previously in this position went} 13. h6 g6 14. Nh3 Nb6
15. Nhg5 Nc4 {when Black already had a stable advantage in 1-0 (32) Pap,M 
(2501)-Van Vliet,D (2105) Lille 2012. The outcome of the game in White's
favour was merely a result of the huge rating difference between the players.
Now after} 16. Bxc4 {Black should rather have recaptured with} dxc4 $1 $146 {
when Black's bishop will be very strong along the diagonal a8-h1 and the
d5-square will become an important outpost for Black's pieces. Giving up the
control of the e4-square is a small price to pay for this achievement. Black
is clearly better.}) 13... Nb6 14. Kf2 $5 {A rather surprising move although
artificial castling is rather common for White in the 5.f4 systems. The main
idea here is to put the king out of range for tactical possibilities along the
c-file and the a5-e1 diagonal. Then at a later stage the king will normally be
hiding on g1 or g2.} Bd7 {Black continues with normal developing moves now,
opening the options also for long castling if it becomes necessary. It's often
wise to wait with the king in the centre for Black for the time being since
the centre is closed and thus the king is safer on e8 than on the kingside
after castling short.} 15. g4 $6 {White plays very ambitiously in the hope of
grabbing all the space on the kingside. However this strategy often backfires
as Black can usually open up the position by tactical means sacrificing an
exchange along the f-file or even a piece in the centre to destroy White's
solid-looking pawn chain.} (15. Rh3 $5 {was an interesting alternative with
the idea of Rg3 and to keep a safe haven for the king on g1.}) 15... f6 $1 {
A logical reply to White's last move intending to open up the centre by ...
fxe5 followed by ...0-0 with dangerous play along the f-file.} 16. h6 g6 17.
exf6 {White takes the chance to keep the centre closed avoiding ...fxe5 when
Black's counterplay is likely to become very strong along the f-file.} Bxf6 {
Now Black has got a backward pawn on e6 but White has weak pawns on both f4
and d4 and the e4-square is more vulnerable than before as Black can now
arrive there with a knight via d6.} 18. g5 Be7 19. Ra2 {White prevents
possible attacks along the second rank and also prepares the development of
the rook perhaps to c2 at some point.} O-O {Now that the kingside is closed
the king is pretty safe here for the moment and Black puts pressure along the
f-file with possible tactics to come in the near future.} 20. Bh3 {Putting
pressure against e6 and preparing to get the king a bit safer moving it to g2.}
Nc4 {Now it's time for Black to continue the operations on the queenside. This
move activates the knight to its ideal square and prepares the advance ...a5.}
21. Kg2 $2 {White walks out from the x-ray attacks on the f-file but on the
other hand places his king and queen in the way of a potential fork on e3.} ({
Since White's position was already troublesome he should have considered} 21.
f5 $5 exf5 22. Nf4 {which gives some active counterplay on the open e-file and
the dark squares.}) 21... a5 {Simple and very effective. White is not at all
ready for this break. Taking on a5 will lose the a3-pawn and in the long run
the game. Therefore there is not much of a choice now.} 22. Nc3 {Here I spent
some time calculating possible sacrifices on f4 in one way or another. I also
considered playing prophylactically and defending my pawn on b5. In fact there
are many ways to a clear advantage but the game continuation is objectively
best.} axb4 23. Nxb5 Qb8 $6 {Not a bad move but there was the even stronger} (
23... Qa5 $1 24. a4 Nd8 25. Re2 Qxa4 26. Nc7 Qxd1 27. Rxd1 Ra7 $1 28. Nxe6 Nxe6
29. Bxe6+ Bxe6 30. Rxe6 b3 $19 {when the passed b-pawn will cost White a piece
and in the long run the game.}) 24. a4 Rxf4 $2 {At this point I fell victim to
my desire to do something brilliant. Without having calculated everything in
detail I went for this spontaneous move although I had seen White's reply.} ({
Instead the relaxed move} 24... Nd8 $1 {would have lead to a winning advantage
for Black following} 25. Re2 (25. Qb3 {might be better but after} Bxb5 26. axb5
Rxa2+ 27. Qxa2 Qxb5 $17 {Black is a solid pawn up and there is not much hope
for White to survive.}) 25... Bxb5 26. axb5 Bd6 $1 $19 {when the attack
against f4 in combination with the strong passed b-pawn becomes decisive.}) 25.
Ne5 $1 {A strong move that immediately gives the advantage over to White.}
N6xe5 ({I tried to get} 25... Rxd4 {working but after} 26. Nxd7 $8 Rxd1 27.
Bxe6+ Kh8 28. Nxb8 Rxc1 29. Rxc1 Rxb8 30. Bxd5 Ne3+ 31. Kf3 Nxd5 32. Rxc6 Bxg5
33. Ke4 Nf6+ 34. Kd3 $16 {White's passed a-pawn is likely to decide the game.})
26. Bxf4 Qf8 $2 {A creative move, but as the game shown this move loses
important coordination for Black. This was my original plan but since it
doesn't work I should rather have switched plans, playing} (26... Qc8 $1 {
when Black has reasonable compensation for the exchange.}) 27. Bc1 (27. Rf2 $1
{was even stronger as my intended} Qxf4 {works in White's favour after} 28.
Rxf4 Ne3+ 29. Kg3 Nxd1 30. dxe5 Ne3 ({or} 30... Nc3 31. Nxc3 bxc3 32. Rhf1 $16)
31. Nd6 $1 $16) 27... Nf7 (27... Qc8 28. Rf2 $1) 28. Rf2 (28. Nc7 {is getting
tricky for White after} Ra7 29. Nxe6 Qc8 {giving unnecessary chances to get
counterplay.}) 28... Qc8 $2 (28... Qd8 {would be better}) 29. Qf3 $2 {This
move gives Black some real chances to get back into the game.} ({Much stronger
was} 29. Rhf1 $1 {when the threats alon the f-file will become decisive. A
possible line is} Nh8 {A sad necessity.} (29... Nfd6 30. Nxd6 Nxd6 31. Qe2 {
with the simple threat of Qe5-g7 is winning for White.}) 30. Qf3 $18 {With an
exchange up and an overwhelming position White is clearly winning although
there is still some more work to be done.}) 29... Be8 $4 {The wrong decision
at a critical moment.} (29... Nfd6 {was better:} 30. Nxd6 Nxd6 31. Re1 $14 {
when White is only slightly better.}) 30. Re1 Ra6 31. Kg1 {Unnecessary
prophylaxis.} ({The immediate} 31. Bf4 $18 {intending Nc7 would have lead to a
straightforward win.}) 31... Qd7 32. Qg3 $2 ({Once again} 32. Bf4 {would be
winning, for example} Rc6 33. Nc7 $1 $18) 32... Rc6 33. Bf4 Nd8 34. Bc7 Nf7 35.
Bf4 Nd8 36. Rfe2 Bf7 37. Rf1 (37. Bc7 $1 $18) 37... Be8 38. Ref2 Nf7 39. Rf3 $6
(39. Nc7 Bd8 40. Qf3 $1 {would be strong intending} Bxc7 41. Bxc7 {when the
bishop cannot be taken in view of Qf6 with mate to follow on either g7 or f8.}
Qe7 42. Bf4 $18 {Whitout the dark squared bishop Black does not have much of a
defence to put up any longer. Moreover the slightly awkward placed knight on
b5 is no longer a problem for White.}) 39... Nd8 $2 ({Better was} 39... Bd8)
40. Qf2 Nf7 41. Qg3 $2 (41. Nc7 $1 {would have lead to a simple win after} Rxc7
42. Bxc7 {and White crushes through along the f-file.}) 41... Bd8 42. Kh1 Qe7
43. R3f2 Ra6 44. Re1 {Here my opponent extremely surprisingly offered me a
draw. After having defended for about half the game and still being clearly
worse or lost this felt like an undeserved gift. However my opponent had
obviously lost faith in his position and was perhaps slightly worried about
the awkward knight on b5, as well as the approaching endless time-trouble.} (
44. Be5 $1 Ncxe5 (44... Qd7 45. Bf6 Ba5 46. Bg7 $18) 45. dxe5 {[%cal Gb5d6]}
Qxg5 (45... Rxa4 46. Nd6 Ra3 47. Qg4 Nxg5 48. Bg2 $1 Nf7 49. Nxe8 Qxe8 50. Rxf7
Qxf7 51. Rxf7 Kxf7 52. Bxd5 $18) 46. Qxg5 Bxg5 47. Nc7 $18) (44. Re1 Rc6 (44...
Bd7 45. Ref1 Be8 46. Be5 $18) 45. Ref1 $16) 1/2-1/2

[Event "Rilton Cup 34th"]
[Site "Stockholm"]
[Date "2005.01.06"]
[Round "9"]
[White "Furhoff, Johan"]
[Black "Berg, Emanuel"]
[Result "0-1"]
[WhiteElo "2338"]
[BlackElo "2529"]
[Annotator "Berg,E"]
[PlyCount "66"]
[EventDate "2004.12.27"]
[EventType "swiss"]
[EventRounds "9"]
[EventCountry "SWE"]
[SourceTitle "CBM 104 Extra"]
[Source "ChessBase"]
[SourceDate "2005.03.01"]
[SourceVersion "1"]
[SourceVersionDate "2005.03.01"]
[SourceQuality "1"]

1. e4 e6 2. d4 d5 3. Nd2 Nf6 4. e5 Nfd7 5. c3 c5 6. f4 Nc6 7. Ndf3 Qb6 8. g3
Be7 ({Earlier I was used to play} 8... cxd4 9. cxd4 Bb4+ 10. Kf2 f6 11. Kg2 O-O
{with good results as well. But the move played in the game is more flexible
and in my opinion also a bit better.The white king is usually worse placed on
e1 than on g2 and so it seems unnessesary to force him to a better square.
Moreover the black bishop on b4 closes the way for the queen. This makes it
possible for white to play moves as Be3 which would otherwise not have been
possible because of ...Qxb2.}) 9. Ne2 cxd4 10. cxd4 f6 11. Bh3 O-O $1 12. Rf1 (
{Grabbing the pawn with} 12. Bxe6+ {is not recommendable. After} Kh8 {...Ndxe5
is threatened. White has now got three different continuations, exf6, Bxd7 or
Bxd5.} 13. Bxd5 ({Both} 13. exf6 Nxf6 {and}) (13. Bxd7 Bxd7 {gives black very
nice compensation on the white squares for the sacrifices pawn.Ofcourse the
position might still be playable for white, but it's not really something to
dream about.}) 13... fxe5 14. fxe5 ({During the game I was thinking about how
to answer} 14. Bxc6 {This move doesn't seem to have been played before and it
was not written about it in any of my french books either. But after the simple
} Qxc6 {black has the pair of bishops and white is seriously weakened on the
white squares. A possible continuation is} 15. O-O e4 16. Ne5 Nxe5 17. fxe5 Bg4
{with a very dangerous initiative for black.}) 14... Ndxe5 $1 15. dxe5 Nxe5 {
White is leading with a whole piece, but he is also far away in development
and his king is very exposed in the center. In the game Savon-Gleizerov,
Cheliabinsk 1991 there followed} 16. Nf4 Bb4+ 17. Kf1 Rxf4 $1 18. gxf4 Bh3+ 19.
Ke2 Ng4 20. Nd4 Qc5 21. Be6 Rd8 {with a winning position for black.}) 12... Kh8
13. Nc3 {The natural and most usual continuation for white. But according to
theory} (13. Rf2 {should be better. Here black can choose between the
positional 13...Qa6 with the idea ...Nb6, ...Bd7 etc or the very interesting
piecesacrifice} fxe5 14. fxe5 Ndxe5 $5 15. dxe5 Bb4+ 16. Nc3 Nxe5 {This
position is played two times with a win for white in both of them. However you
can't make any conclusion on just two games and it should also be said that
the black players were lower rated. In my opinion the position is perfectly
playable for black. The two connected passed pawns in the center and the
exposed white king fully compensates for the sacrificed piece.}) 13... fxe5 14.
fxe5 Rxf3 $1 15. Qxf3 Nxd4 {This far the game was still following my
preparation, but now my opponent started to cause me some trouble.} 16. Qf2 $1
$146 {A novelty!} ({In the game Krupkova-Gleizerov, Viking Games 1997 there
followed} 16. Qh5 $2 Qd8 17. Qd1 Nc6 18. Bxe6 d4 $1 19. Nd5 Ndxe5 20. Bxc8 Qxd5
21. Bxb7 Bb4+ {with a crushing attack for black.}) ({Also} 16. Qf7 {will be
met with} Qd8 {with the double threats ...Nxe5 and ...Nc2+. White can protect
himself by playing} 17. Qf2 {but after} Nc6 {the e5-pawn will be lost.}) 16...
h6 $2 {Black gives some space for his king to avoid the checkmate on f8 as
follow after...Nxe5?? But this move is also seriously weakening the position
of the black king and therefore} (16... Bc5 {would have been a better try.})
17. Qf7 $1 {A very unplesant surprise. I was waiting for the normal looking} (
17. Bf4 {protecting the e-pawn, which I was intending to answer with the very
ambitious} g5 $5 18. Be3 $2 ({Instead white should play} 18. O-O-O $1 gxf4 19.
Rxd4 fxg3 20. hxg3 Nxe5 21. Kb1 $1 {with a dangerous attack.}) 18... Nc2+ 19.
Qxc2 Qxe3+ 20. Qe2 Qxe2+ 21. Nxe2 Nxe5 22. Nd4 g4 $1 {with advantage to black.}
) 17... Qd8 (17... Nxe5 {was an interesting posibility for black. After} 18.
Qxe7 Bd7 $1 {black has given up a whole rock for two central pawns. But the
white king is not going safe at any place and black is also threatening to win
back the material with ...Nc2+. In a game everything would still be possible
here, but objectively white must be winning. After the natural} 19. Bxh6 Ndf3+
{will follow. Here white should sacrifice back not to get worse.} 20. Rxf3 $1 (
{After} 20. Kd1 Qd4+ 21. Kc1 Nd3+ 22. Kb1 Nde1 $1 {only white can be in
trouble.}) 20... Nxf3+ 21. Kd1 {Now white keeps the extra material with a
winning position both after} gxh6 {22.Qf6+ and} (21... Qd4+ 22. Ke2)) 18. Qh5
Bf8 ({My first thought was to play} 18... Qg8 {with the idea 19.Rf7 Bf8, but
instead white can decide the game immediately after} 19. Bxh6 gxh6 ({Black can
try to get away with} 19... Nc2+ {but after} 20. Kd2 g6 21. Qg4 Nxa1 22. Bg5 $1
{there is not much to do anymore.}) 20. Qxh6+ Qh7 21. Qxh7+ Kxh7 22. Rf7+ Kg6
23. Rxe7 {winning.}) (18... Nf8 {will also be answered with} 19. Bxh6 {and
after} gxh6 20. Qxh6+ Kg8 (20... Nh7 21. Rf7) 21. Rf4 $1 Bg5 22. Rg4 Nf3+ (
22... Kf7 23. Qh5+) 23. Kf2 {the f3 knight will be lost and white will be pawn
and exchange up.}) 19. Bxh6 $2 {A serious mistake in the most important part
of the game. Instead white should play} (19. Rf7 Kg8 20. Bf4 $1 {There can
follow} (20. Bxh6 Nxe5 $1 {is unclear}) 20... Nf3+ 21. Qxf3 Kxf7 22. Bg5+ Nf6
23. Bd2 {and white is winning a piece for two pawns with a clearly won
position.}) 19... gxh6 20. O-O-O Bg7 $1 {Black gives back the knight on d4 to
get central control and a more balanced position.} ({Trying to keep the extra
material with} 20... Nc6 {Would most probably have ended up in disaster for
black after} 21. Bxe6 Ndxe5 22. Rxd5 {with a crushing attack.}) 21. Rxd4 Nxe5
22. Kb1 ({Knowing the result} 22. Re1 {would have given white better chances
than the game. But black still has a very comfortable position after} Qg5+ 23.
Qxg5 hxg5) 22... Bd7 23. Rdf4 Be8 $1 {Black now forces back the white queen
and in the same time gets a very nice diagonal for his bishop.} 24. Qd1 Bg6+
25. Ka1 Qe7 $1 26. Bg2 $2 {White was already in big time trouble. It is
understandable that he would like to create counterplay with his kingside
pawns, but it was more important to keep the bishop on h3 avoiding ...Rc8. Now
the comming black attack decides the game.} Rc8 27. h4 $2 Nd3 28. Rg4 Nxb2 $1
29. Qe2 (29. Kxb2 Rxc3 {is equally hopeless.}) 29... Nd1 $1 30. Rxg6 Bxc3+ 31.
Kb1 Qb4+ 32. Kc2 Be1+ 33. Kxd1 Qb1# 0-1